000 00650nam a2200241 a 4500
001 nice12345678
003 IN_TiNIC
005 20260116011811.0
008 050524s1960 newa grp 000 0 eng
020 _a
_c247.5
082 0 0 _a201
_bWIL
100 _aWilson, Dorothy Clarke
245 _aPalace of Healing
_b the Story of Dr.Clara Swain, First Woman Missionary Doct
260 _aNew York
_bMcgraw-Hill Book Co
_c1960
300 _a245p
500 _aincludes index and biblioraphy
505 2 _aBibliography
650 _aChristian-Biography
700 1 _aWilson, Dorothy Clarke
902 _bSRS
942 _cBK
999 _c4065
_d4065